000 00911nam a2200277Ia 4500
001 Para_1131
003 CHAP
008 220125s1993 xx 000 0 und d
010 _a199785
040 _cCHAP
090 _aPA TESIS 1097
100 _aBautista Bautista, Alvaro
_910891
245 _aNematodos asociados al cultivo del maíz (Zea mays L.), en San Mateo Peñasco, Oax. México /
_c por Alvaro Bautista Bautista
260 _aChapingo, Méx. :
_b El autor
300 _a36 h.
502 _aTesis (Ing. Agr. Esp. en Parasitología Agrícola), UACh. Depto. Parasitología
650 _aMaíz
_x enfermedades por nematodos
_970942
710 _aUACh. Departamento Parasitología Agrícola
_9164025
901 _aPA TESIS 1097
902 _aA
905 _a0000001993 i 0000000000 00
910 _a1993
942 _cPARA
942 _cPARA
_d1
999 _c199785
_d199785